00546nam a2200181Ia 450000500170000000800410001702000180005804100120007608200160008810000200010424501020012425000120022626000490023830000180028765000200030565000230032565000160034820260429111849.0260429s9999||||xx |||||||||||||| ||und|| a9789358997835 aEnglish a631.52bSAM aSamyuktha, S.M. 0aTechniques in plant breeding : bfrom classical methods to genomic innovations / cS.M. Samyuktha a1st ed. aNew Delhi : bElite Publishing House,c2024. ax, 187 p.; hb a Plant breeding a Plant cultivation aAgriculture